Southville International School and Colleges
Your cart is empty.
  • Cart
  • Lists
    Public lists Eva Luna New books Lux_list list_1
    Your lists Log in to create your own lists
  • Log in to your account
  • Your cookies
  • Search history
Southville International School and Colleges
  • Advanced search
  • Recent comments
  • Most popular
  • Libraries

Log in to your account

Log in with GOOGLE


If you do not have an external account, but do have a local account, you can still log in:

  1. Home
  2. MARC view: Hospitality operation management /
Normal view MARC view ISBD view

Hospitality operation management / (Record no. 39102)

[ view plain ]
MARC details
000 -LEADER
fixed length control field 00593nam a22002177a 4500
003 - CONTROL NUMBER IDENTIFIER
control field OSt
005 - DATE AND TIME OF LATEST TRANSACTION
control field 20140311162958.0
008 - FIXED-LENGTH DATA ELEMENTS--GENERAL INFORMATION
fixed length control field 130213t xxu||||| |||| 00| 0 eng d
020 ## - INTERNATIONAL STANDARD BOOK NUMBER
International Standard Book Number 9789381460177
050 ## - LIBRARY OF CONGRESS CALL NUMBER
Classification number TX 911.3.M27
Item number .Si617 2012
100 ## - MAIN ENTRY--PERSONAL NAME
Personal name Sinha, Aadesh.
245 ## - TITLE STATEMENT
Title Hospitality operation management /
Statement of responsibility, etc Aadesh Sinha.
260 ## - PUBLICATION, DISTRIBUTION, ETC. (IMPRINT)
Place of publication, distribution, etc New Delhi :
Name of publisher, distributor, etc Centrum Press,
Date of publication, distribution, etc 2013.
300 ## - PHYSICAL DESCRIPTION
Extent 256 p. ;
Dimensions 22 cm.
521 ## - TARGET AUDIENCE NOTE
Target audience note
650 ## - SUBJECT ADDED ENTRY--TOPICAL TERM
Topical term or geographic name as entry element Hospitality industry
650 ## - SUBJECT ADDED ENTRY--TOPICAL TERM
Topical term or geographic name as entry element Hospitality management
650 ## - SUBJECT ADDED ENTRY--TOPICAL TERM
Topical term or geographic name as entry element Operations management
942 ## - ADDED ENTRY ELEMENTS (KOHA)
Source of classification or shelving scheme Library of Congress Classification
Koha item type Books
Call number prefix Foreign
Holdings
Withdrawn status Lost status Source of classification or shelving scheme Damaged status Home library Current library Shelving location Date acquired Total Checkouts Total Renewals Full call number Barcode Date last seen Date checked out Copy number Price effective from Koha item type
    Library of Congress Classification   College Library College Library General Circulation Section 02/13/2013 2 2 TX 911.3.M27 .Si617 2012 C15717 05/15/2018 04/21/2018 1 02/13/2013 Books

Hospitality operation management /

APA

Sinha A., . (2013). Hospitality operation management. New Delhi: Centrum Press.

Chicago

Sinha Aadesh, . 2013. Hospitality operation management. New Delhi: Centrum Press.

Harvard

Sinha A., . (2013). Hospitality operation management. New Delhi: Centrum Press.

MLA

Sinha Aadesh, . Hospitality operation management. New Delhi: Centrum Press. 2013.

  • Place hold
  • Print
  • Cite
  • Add to your cart (remove)
  • Save record
    BIBTEX Dublin Core MARCXML MARC (non-Unicode/MARC-8) MARC (Unicode/UTF-8) MARC (Unicode/UTF-8, Standard) MODS (XML) RIS
  • More searches
    Search for this title in:
    Other Libraries (WorldCat) Other Databases (Google Scholar) Online Stores (Bookfinder.com) Open Library (openlibrary.org)

Exporting to Dublin Core...

SOUTHVILLE LIBRARY

Southville International School and Colleges Library

1281 Tropical Ave. Cor. Luxembourg St., BF Homes International, Las Pinas City

Tel. No. 8256374 / 252358 Loc. 117/146

Powered by Koha